000 00356nam a2200157Ia 4500
008 200601s9999 xx 000 0 und d
020 _a0-440-48483-9
050 _aFIC AI2t
050 _b1967
100 _aAlexander, Lloyd
245 0 _aTaran Wonderer /
260 _aNew York :
260 _bDel Books.
260 _c1967
300 _a272 pages :
999 _c363460
_d363460